| 000 | 00645nam a2200229 a 4500 | ||
|---|---|---|---|
| 001 | 61129 | ||
| 003 | BD-RjUL | ||
| 005 | 20211209080926.0 | ||
| 008 | 170115s1964 nyua 000 0 eng d | ||
| 035 | _a(BD-RjUL) 61253 | ||
| 035 | _a(OCoLC)346668 | ||
| 040 |
_aDLC _cODaWU _dOCoLC _dDLC _dBD-RjUL _beng |
||
| 041 | _aeng | ||
| 082 |
_a657 _223 _bCOA 1964 |
||
| 100 | 1 |
_aCorbin, Donald A. _9182422 |
|
| 245 | 1 | 0 |
_aAccounting and economic decisions / _c Donald A. Corbin |
| 260 |
_aNew York : _bDodd, Mead, _c1964. |
||
| 300 |
_axx, 745 p. : _bill. ; _c24 cm. |
||
| 650 | 0 |
_aAccounting. _9175106 |
|
| 942 |
_2ddc _cBK |
||
| 999 |
_c61129 _d61129 |
||